00653 2200253 4500001002100000005001700021008004100038035002400079090001800103100001900121245006700140250001100207260002600218300001800244500002900262650001700291850001500308980001500323985000600338986001000344999001500354999001500369999001500384YOGYA-0209000003162020090227024613.0 ind  0010-020900000031620 a344bJun IlT aJunus, Benny M aIntisari hukum administrasi negarabbahan PTHIcBenny M. Junus aCet. 1 aBandungbAlumnic1980 a42 hlmc21 cm aBibliografi : hlm. 41-42 aHukum sosial aYOPDYOG(B) a27-09-2006 a3 aMrref aP000016663 aP000016664 aP000016665